<?xml version="1.0" encoding="UTF-8"?>
<record
    xmlns:xsi="http://www.w3.org/2001/XMLSchema-instance"
    xsi:schemaLocation="http://www.loc.gov/MARC21/slim http://www.loc.gov/standards/marcxml/schema/MARC21slim.xsd"
    xmlns="http://www.loc.gov/MARC21/slim">

  <leader>02449cam a2200301   4500500</leader>
  <controlfield tag="005">20260419015412.0</controlfield>
  <datafield tag="041" ind1=" " ind2=" ">
    <subfield code="a">fre</subfield>
  </datafield>
  <datafield tag="042" ind1=" " ind2=" ">
    <subfield code="a">dc</subfield>
  </datafield>
  <datafield tag="100" ind1="1" ind2="0">
    <subfield code="a">Marco, Jorge</subfield>
    <subfield code="e">author</subfield>
  </datafield>
  <datafield tag="700" ind1="1" ind2="0">
    <subfield code="a">Touboul Tardieu, Eva</subfield>
    <subfield code="e">author</subfield>
  </datafield>
  <datafield tag="245" ind1="0" ind2="0">
    <subfield code="a">Une histoire sociale de la r&#xE9;sistance au&#xA0;franquisme</subfield>
  </datafield>
  <datafield tag="260" ind1=" " ind2=" ">
    <subfield code="c">2015.
							</subfield>
  </datafield>
  <datafield tag="500" ind1=" " ind2=" ">
    <subfield code="a">80</subfield>
  </datafield>
  <datafield tag="520" ind1=" " ind2=" ">
    <subfield code="a">Cet article expose notre approche de la r&#xE9;sistance antifasciste en Espagne, marqu&#xE9;e par l&#x2019;histoire sociale, l&#x2019;histoire culturelle, la sociologie historique et l&#x2019;anthropologie. Nous avons &#xE9;labor&#xE9; deux cat&#xE9;gories, la gu&#xE9;rilla moderne et les &#xAB;&#xA0;paysans en armes&#xA0;&#xBB;, qui permettent d&#x2019;&#xE9;clairer des aspects jusque-l&#xE0; rest&#xE9;s dans l&#x2019;ombre. Ces deux cat&#xE9;gories ont &#xE9;t&#xE9; d&#xE9;finies &#xE0; l&#x2019;issue d&#x2019;une analyse en fonction de douze variables&#xA0;: la vocation des groupes (unificatrice ou ind&#xE9;pendante)&#xA0;; leur structure interne&#xA0;; leur territoire et leur niveau d&#x2019;action&#xA0;; leur strat&#xE9;gie&#xA0;; leur composition sociale&#xA0;; l&#x2019;origine des gu&#xE9;rilleros&#xA0;; l&#x2019;exp&#xE9;rience collective&#xA0;; le type de coh&#xE9;sion interne&#xA0;; la taille des groupes&#xA0;; le type de discipline&#xA0;; de propagande&#xA0;; et les r&#xE9;pertoires d&#x2019;action.</subfield>
  </datafield>
  <datafield tag="520" ind1=" " ind2=" ">
    <subfield code="a">This article presents an approach to anti-fascist resistance in Spain from the perspective of social history, cultural history, historical sociology and anthropology. Two categories are developed, the modern guerrilla and the &#x201C;armed peasants&#x201D;, which shed light on many aspects that have hitherto remained unexamined. These categories were defined according to the analysis of twelve variables&#xA0;: the pro-unification or pro-independence stance of groups&#xA0;; their internal structure&#xA0;; their geographical scope and level of action&#xA0;; their strategy&#xA0;; their social composition&#xA0;; where the guerrillas were from&#xA0;; their collective experience&#xA0;; the type of internal cohesion&#xA0;; group size&#xA0;; the types of discipline&#xA0;; propaganda&#xA0;; and repertoires of collective action.</subfield>
  </datafield>
  <datafield tag="690" ind1=" " ind2=" ">
    <subfield code="a">antifascisme</subfield>
  </datafield>
  <datafield tag="690" ind1=" " ind2=" ">
    <subfield code="a">Espagne</subfield>
  </datafield>
  <datafield tag="690" ind1=" " ind2=" ">
    <subfield code="a">franquisme</subfield>
  </datafield>
  <datafield tag="690" ind1=" " ind2=" ">
    <subfield code="a">gu&#xE9;rilla</subfield>
  </datafield>
  <datafield tag="690" ind1=" " ind2=" ">
    <subfield code="a">r&#xE9;sistance</subfield>
  </datafield>
  <datafield tag="690" ind1=" " ind2=" ">
    <subfield code="a">anti-fascism</subfield>
  </datafield>
  <datafield tag="690" ind1=" " ind2=" ">
    <subfield code="a">Francoism</subfield>
  </datafield>
  <datafield tag="690" ind1=" " ind2=" ">
    <subfield code="a">guerrilla</subfield>
  </datafield>
  <datafield tag="690" ind1=" " ind2=" ">
    <subfield code="a">resistance</subfield>
  </datafield>
  <datafield tag="690" ind1=" " ind2=" ">
    <subfield code="a">Spain</subfield>
  </datafield>
  <datafield tag="786" ind1="0" ind2=" ">
    <subfield code="n">Vingti&#xE8;me Si&#xE8;cle. Revue d'histoire | 127 | 3 | 2015-08-24 | p. 211-229 | 0294-1759</subfield>
  </datafield>
  <datafield tag="856" ind1="4" ind2="1">
    <subfield code="u">https://shs.cairn.info/revue-vingtieme-siecle-revue-d-histoire-2015-3-page-211?lang=fr&amp;redirect-ssocas=7080</subfield>
  </datafield>
  <datafield tag="999" ind1=" " ind2=" ">
    <subfield code="c">2218686</subfield>
    <subfield code="d">2218686</subfield>
  </datafield>
</record>
